| 000 | 00369nam a22001217a 4500 | ||
|---|---|---|---|
| 082 | _a220PRO | ||
| 100 |
_aMohammad Umer Bin Mansoor. Rafay Mujtaba. Raja Zohaib Ali _973246 |
||
| 245 | _aPR-SOF-1957-Autonomous Paramotor | ||
| 260 |
_aISLAMABD _bNUST COLLEGE OF EME _c2020 |
||
| 650 |
_aDE-MTS-38 _973247 |
||
| 700 |
_aProject Supervisor's Dr. Waqar _973248 |
||
| 942 | _cCR | ||
| 999 |
_c579055 _d579055 |
||